Szczegóły MARC21

Dzieje w Koronie Polskiej /

003 -Nazwa inst., której nr kontr. jest w polu 001 [,]
    • @
    • Nazwa instytucji, której n kontrolny jest w polu 001
    • NUKAT
005 -DATA I CZAS OSTATNIEJ MODYFIKACJI [,]
    • @
    • pole kontrolne
    • 20250502102841.0
040 -Instytucja sporządzająca opis [ , ]
    • a
    • Instytucja, która sporządziła opis (NP)
    • OLSZT 003/bak
    • b
    • Język katalogowania
    • pol
    • e
    • Zasady katalogowania
    • rda
    • c
    • Instytucja, która sporządziła rekord (NP)
    • OLSZT 003/bak
    • d
    • Instytucja, która zmodyfikowała rekord (P)
    • OLSZT 003/bak
    • d
    • Instytucja, która zmodyfikowała rekord (P)
    • KR U/37KPo
    • d
    • Instytucja, która zmodyfikowała rekord (P)
    • OLSZT 008/AL
942 -Rodzaj dokumentu [ , ]
    • c
    • Rodzaj dokumentu
    • Książka
100 -Hasło główne - nazwa osobowa [1, ]
    • a
    • Nazwa osobowa (NP)
    • Górnicki, Łukasz
    • d
    • Daty biograficzne (NP)
    • (1527-1603).
    • e
    • Rodzaj współpracy
    • Autor
    • 9
    • KHW
    • 26791
240 -Tytuł ujednolicony [1,0]
    • a
    • Tytuł ujednolicony
    • Dzieje w Koronie Polskiej
    • l
    • Język tekstu
    • (pol.)
    • 9
    • KHW
    • 57916
245 -Strefa tytułu i oznaczenia odpowiedzialności [1,0]
    • a
    • Tytuł
    • Dzieje w Koronie Polskiej / Find
    • c
    • Pozostałe elementy strefy tytułu i oznaczenia odpowiedzialności (NP)
    • Łukasz Górnicki ; opracował Henryk Barycz.
250 -Strefa wydania [ , ]
    • a
    • Oznaczenie wydania (NP)
    • Wydanie drugie.
260 -Strefa adresu wydawniczego [ , ]
    • a
    • Miejsce wydania (P)
    • Wrocław :
    • b
    • Nazwa wydawcy (P)
    • Wydawnictwo Zakładu Narodowego imienia Ossolińskich,
    • c
    • Data wydania (P)
    • druk 1950.
300 -Strefa opisu fizycznego [ , ]
    • a
    • Określenie formy książki i/lub objętość (NP)
    • LXIV, 155 stron ;
    • c
    • Format (NP)
    • 18 cm.
336 -Typ zawartości [ , ]
    • a
    • Termin opisujący typ zawartości
    • Tekst
    • b
    • Kod określający zawartość
    • txt
    • 2
    • Źródło (terminu i kodu)
    • rdacontent
337 -Typ mediów [ , ]
    • a
    • Tryb odtwarzania
    • Bez urządzenia pośredniczącego
    • b
    • Kod typu mediów
    • n
    • 2
    • Źródło (terminu i kodu)
    • rdamedia
338 -Typ/rodzaj nośnika [ , ]
    • a
    • Hasło opisujące typ nośnika
    • Wolumin
    • b
    • Kod typu nośnika
    • nc
    • 2
    • Źródło (terminu i kodu)
    • rdacarrier
490 -Strefa serii i książki wielotomowej - forma nie do wyszukiwania [1, ]
    • a
    • Tytuł (P)
    • Biblioteka Narodowa. Seria 1 ; Find
    • v
    • Numeracja (P)
    • nr 124
830 -Hasło dodatkowe serii i opisu książki wielotomowej - tytuł ujednolicony/tytuł [ ,0]
    • a
    • Tytuł ujednolicony/tytuł (NP)
    • Biblioteka Narodowa.
    • n
    • Oznaczenie części/podserii/sekcji (P)
    • Seria 1
    • x
    • ISSN
    • 0208-4104
    • v
    • Oznaczenie tomu (NP)
    • nr 124
    • 9
    • KHW
    • 7607
504 -Uwaga dot. bibliogr. załącznikowej [ , ]
    • a
    • Uwaga dot. bibliografii załącznikowej
    • "Wskazówki bibliograficzne" na stronach LXIII-LXIV.
080 -Uniwersalna Klasyfikacja Dziesiętna [ , ]
    • 2
    • Identyfikator wydania tablic
    • UDC-P058
    • 9
    • UKD
    • 7015
    • a
    • Symbol klasyfikacji
    • 94(438).03
    • b
    • Dopowiedzenie
    • Historia Polski. Dynastia Jagiellonów (1386-1572).
    • 4
    • UKD2
    • 8484
    • x
    • Poddział wspólny
    • "15"
    • c
    • Dopowiedzenie poddz. wspólnego
    • Wiek XVI.
    • 4
    • UKD2
    • 8071
    • x
    • Poddział wspólny
    • (093)
    • c
    • Dopowiedzenie poddz. wspólnego
    • (Źródła historyczne).
080 -Uniwersalna Klasyfikacja Dziesiętna [ , ]
    • 2
    • Identyfikator wydania tablic
    • UDC-P058
    • 9
    • UKD
    • 7016
    • a
    • Symbol klasyfikacji
    • 94(438).04
    • b
    • Dopowiedzenie
    • Historia Polski. Królowie elekcyjni (do Sasów włącznie) (1573-1763).
    • 4
    • UKD2
    • 8484
    • x
    • Poddział wspólny
    • "15"
    • c
    • Dopowiedzenie poddz. wspólnego
    • Wiek XVI.
    • 4
    • UKD2
    • 8071
    • x
    • Poddział wspólny
    • (093)
    • c
    • Dopowiedzenie poddz. wspólnego
    • (Źródła historyczne).
080 -Uniwersalna Klasyfikacja Dziesiętna [ , ]
    • 2
    • Identyfikator wydania tablic
    • UDC-P058
    • 9
    • UKD
    • 8014
    • a
    • Symbol klasyfikacji
    • 821.162.1(091)
    • b
    • Dopowiedzenie
    • Literatura polska (historia).
    • 4
    • UKD2
    • 8484
    • x
    • Poddział wspólny
    • "15"
    • c
    • Dopowiedzenie poddz. wspólnego
    • Wiek XVI.
651 -Hasło przedmiotowe w formie nazwy geograficznej [ ,7]
    • a
    • Nazwa geograficzna
    • Polska
    • y
    • Określnik chronologiczny
    • 1506-1548 (Zygmunt I Stary)
    • v
    • Określnik formalny
    • dzieła przed 1800.
    • 2
    • Źródło terminu
    • kaba
    • 9
    • KHW
    • 375317
651 -Hasło przedmiotowe w formie nazwy geograficznej [ ,7]
    • a
    • Nazwa geograficzna
    • Polska
    • y
    • Określnik chronologiczny
    • 1548-1572 (Zygmunt II August)
    • v
    • Określnik formalny
    • dzieła przed 1800.
    • 2
    • Źródło terminu
    • kaba
    • 9
    • KHW
    • 375318
980 -Symbol UKD [ , ]
    • a
    • UKD
    • 94(438).03/.04(093):821.162.1(091)]"15"
700 -Hasło dodatkowe - nazwa osobowa [1, ]
    • a
    • Nazwa osobowa (NP)
    • Barycz, Henryk Find
    • d
    • Daty biograficzne (NP)
    • (1901-1994).
    • e
    • Określenie rodzaju współpracy
    • Opracowanie
    • 9
    • KHW
    • 18182
710 -Hasło dodatkowe - nazwa ciała zbiorowego [2, ]
    • a
    • Nazwa ciała zbiorowego lub nazwa geograficzna jako pierwszy element (NP)
    • Zakład Narodowy im. Ossolińskich.
    • b
    • Nazwa jednostki podrzędnej (P)
    • Wydawnictwo.
    • e
    • Rodzaj współpracy
    • Wydawca
    • 4
    • Kod relacji
    • pbl
    • 9
    • KHW
    • 54188
Lokalizacja Data inwentaryzacji Sygnatura Numer inwentarzowy Uwagi nie widoczne w OPAC Status udost.
BG egz.Z.26163przepisany1
BG  SN.521 -3
BM  SN.522depozyt BM1
BNS 9P1/G-70ANS.12846 1
BNS 9P1/G-70ANS.1240 1